A inclusao escolar de alunos zurdos : o que dizem alunos, professores e interpretes sobre esta experiencia /

Este artigo focaliza uma experiência de inclusão de aluno surdo em escola regular, com a presença de intérprete de língua de sinais. Alunos, professores e intérpretes envolvidos foram entrevistados e seus depoimentos analisados. Os dados indicam problemas que ocorrem no espaço escolar, alguns identi...

Full description

Bibliographic Details
Main Author: Feitosa De Lacerda, Cristina Broglia
Format: Libro
Language:Portuguese
Online Access:Acceso electrónico al documento

MARC

LEADER 00000cam a2200000 a 4500
001 026743
003 UAHC_CL
005 20170803122715.0
008 070831s2006 bl 000 por
040 |a UAHC_CL  |c UAHC_CL  |d UAHC_CL 
100 1 |a Feitosa De Lacerda, Cristina Broglia 
245 1 2 |a A inclusao escolar de alunos zurdos :  |b o que dizem alunos, professores e interpretes sobre esta experiencia /  |c Cristina Broglia Feitosa De Lacerda. 
500 |a En: Cadernos CEDES, vol.26, no.69, 2006. pp. 163-184.ISSN 0718-090X.\Modo de acceso: Internet --(Página web visitada el 30 de agosto de 2007) 
520 |a Este artigo focaliza uma experiência de inclusão de aluno surdo em escola regular, com a presença de intérprete de língua de sinais. Alunos, professores e intérpretes envolvidos foram entrevistados e seus depoimentos analisados. Os dados indicam problemas que ocorrem no espaço escolar, alguns identificados pelos entrevistados como desconhecimento sobre a surdez e sobre suas implicações educacionais, dificuldades na interação professor/intérprete e a incerteza em relação ao papel dos diferentes atores neste cenário. Os depoimentos apontam ainda dificuldades com adaptações curriculares e estratégias de aula, exclusão do aluno surdo de atividades. Todavia, ais aspectos são negligenciados, já que há um pressuposto tácito de que a inclusão escolar é um bem em si. Pretende-se contribuir para a reflexão acerca de práticas inclusivas envolvendo surdos, procurando compreender seus efeitos, limites e possibilidades e buscando uma atitude educacional responsável e conseqüente frente a este grupo. 
856 |u http://www.scielo.br/pdf/ccedes/v26n69/a04v2669.pdf  |3 Acceso electrónico al documento  |y Acceso electrónico al documento 
900 |a CADERNOS CEDES-69/06 
942 |c BK 
999 |c 26743  |d 26743